000
00314nam a2200145Ia 4500
100
_a
Zeines benjamin
250
_a
2
942
_c
BK
654
_a
modeling
245
_a
Theory of modeling and simulation
260
_b
Harcourt India pvt ltd
_c
2000
082
_a
3.3
_b
ZEI
300
_a
510
546
_a
ENGLISH
999
_c
23346
_d
23346